00965nam a2200241 a 4500008004100000020002200041100002500063245012400088250001200212260005600224300003400280500014100314504004100455500002000496650002000516650004200536700002100578700002000599700007700619003000100696005001700697040000900714  a0803974027 (pbk.)1 aWeisberg, Herbert F.13aAn introduction to survey research, polling, and data analysis /cHerbert F. Weisberg, Jon A. Krosnick, Bruce D. Bowen. a3rd ed. aThousand Oaks, Calif. :bSage Publications,cc1996. axiv, 394 p. :bill. ;c23 cm. aRev. ed. of: An introduction to survey research and data analysis / Herbert F. Weisberg, Jon A. Krosnick, Bruce D. Bowen. 2nd ed. c1989. aIncludes bibliographical references. aIncludes index. 0aSocial surveys. 0aSocial sciencesxStatistical methods.1 aKrosnick, Jon A.1 aBowen, Bruce D.1 aWeisberg, Herbert F.tIntroduction to survey research and data analysis.20230123133529.0 cNUST